| 000 | 01302cam a2200397 a 4500 | ||
|---|---|---|---|
| 001 | 13312423 | ||
| 003 | GBCCL | ||
| 005 | 20241126110345.0 | ||
| 008 | 030415s2002 ii b b 000 0 eng | ||
| 010 | _a 2003307475 | ||
| 020 | _a8172147023 | ||
| 025 | _aI-E-2003-307475; 13 | ||
| 035 | _a(DLC) 2003307475 | ||
| 037 | _bLibrary of Congress -- New Delhi Overseas Office | ||
| 040 |
_aDLC _cDLC |
||
| 042 | _alcode | ||
| 043 | _aa-ii--- | ||
| 050 | 0 | 0 |
_aBR1155 _b.L63 2002 |
| 082 |
_a275.4 _bLOC |
||
| 245 | 0 | 0 |
_aLocal dalit Christian history / _cedited by George Oommen, John C.B. Webster. |
| 260 |
_aDelhi : _bISPCK, _c2002. |
||
| 300 |
_a150 p. : _bmap ; _c23 cm. |
||
| 490 | 1 |
_aISPCK contextual theological education series ; _v25 |
|
| 504 | _aIncludes bibliographical references (p. 147-150). | ||
| 520 | _aContributed articles with reference to India. | ||
| 650 | 0 |
_aChristianity _zIndia. _91017 |
|
| 650 | 0 |
_aChristians _zIndia _xHistory. _91020 |
|
| 650 | 0 |
_aCaste _zIndia. _91021 |
|
| 650 | 0 |
_aDalits _zIndia _xReligion. _91022 |
|
| 700 | 1 |
_aOommen, George. _91023 |
|
| 700 | 1 |
_aWebster, John C. B., _d1935- _91016 |
|
| 830 | 0 |
_aI.S.P.C.K. C.T.E. series ; _v25. _91024 |
|
| 906 |
_a7 _bcbc _corigode _d3 _encip _f20 _gy-gencatlg |
||
| 942 |
_2ddc _cBK |
||
| 999 |
_c753 _d753 |
||